Clubs de Serie A (2025-2026) - Statistiques

Statistiques générales
  • Ce quiz a été pris 184 fois
  • Le résultat moyen est 14 sur 20
Statistiques - réponses
Serie A % Correct
AC Milan
99%
Juventus
99%
AS Rome
98%
Inter Milan
98%
Naples
91%
Lazio
87%
Fiorentina
75%
Atalanta Bergame
74%
Côme
74%
Torino
68%
Bologne
63%
Hellas Verone
63%
Udinese
61%
Parma
60%
Cagliari
56%
Genoa
55%
Pise
55%
Sassuolo
54%
Lecce
46%
Cremonese
32%
Aucun quiz correspondant
Distribution des résultats
% des personnes avec chaque résultat
Percentile par nombre de réponses
Votre historique - résultats
Vous n’avez pas pris ce quiz